| 000 | 00673cam a22002291 4500 | ||
|---|---|---|---|
| 001 | sa 68007634 | ||
| 003 | DLC | ||
| 005 | 20260227112524.0 | ||
| 008 | 950223s1964 ii 000 0 tamo | ||
| 010 | _asa 68007634 | ||
| 025 | _aPL480:I-T-1355 | ||
| 035 | _a(OCoLC)32040493 | ||
| 040 |
_aDLC _cCU _dCU _dDLC |
||
| 050 | 0 | 0 |
_aPL4758.9.T487 _bV5 1964 |
| 100 | 1 |
_aVicuvanātan̲, Ī. Ca., _d1933- |
|
| 245 | 1 | 0 | _aVān̲kalanta vācakam. |
| 260 | _c[1964] | ||
| 300 |
_a74 p. _c18 cm. |
||
| 500 | _aIn Tamil. | ||
| 500 | _aPreviously published in Tamiḷ nēcan̲. | ||
| 600 | 0 | 0 |
_aMānikkavācakar, _dactive 9th century. _tTiruvācakam. tirumurai. _pEṭṭān tirumur̲ai. |
| 999 |
_c81942 _d81942 |
||